Countries by 1 word - Statistics

General Stats
  • This quiz has been taken 49 times
  • The average score is 19 of 22
Answer Stats
Word Country % Correct
Pizza Italy
100%
Lisbon Portugal
100%
Quebec Canada
98%
Bogota Colombia
96%
Pyramid Egypt
96%
Mandela South Africa
96%
Putin Russia
94%
Panda China
92%
Lederhosen Germany
92%
Nairobi Kenya
92%
Aztec Mexico
90%
Kiwi New Zealand
90%
Anschluss Austria
88%
Crepe France
88%
Anime Japan
83%
Marley Jamaica
79%
Khan Mongolia
77%
Psy South Korea
77%
Mogadishu Somalia
73%
Komodo Indonesia
67%
Astana Kazakhstan
65%
Minecraft Sweden
46%
No matching quizzes found
Score Distribution
Percent of People with Each Score
Percentile by Number Answered
Your Score History
You have not taken this quiz